000 00401pab a2200157 454500
008 180718b1983 xxu||||| |||| 00| 0 eng d
100 _aSharma, S.S.
245 _aCottage industries
_bA source of income to landless agricultural labourers
260 _c1983
300 _a292-5
362 _aMay
650 _aIndustry, Rural - India
773 _aKhadi Gramodyog
908 _aN
909 _a10683
999 _c10683
_d10683